| 000 | 00674nam a2200217 a 4500 | ||
|---|---|---|---|
| 003 | MX-MxUPN | ||
| 005 | 20240823063722.0 | ||
| 008 | 991125s1939 mx r 000 0 spa d | ||
| 035 | _aUPN01000006495 | ||
| 040 |
_aMX-MxUPN _bspa _cMX-MxUPN |
||
| 041 | 0 | _aspa | |
| 050 | 1 | 4 |
_aM1779.2 _bH32 |
| 100 | 1 |
_aHalffter, Rodolfo, _d1900-1987 _953180 |
|
| 245 | 1 | 0 | _aCancionero musical popular español |
| 260 |
_aMéxico : _bNuestro Pueblo, _c1939. |
||
| 300 | _a71 páginas | ||
| 490 | 0 |
_aBiblioteca popular de cultura y técnica ; _v20 |
|
| 650 | 4 |
_aCanciones españolas _95631 |
|
| 710 | 2 |
_aMuseo Pedagógico Nacional (México) _951335 _epropietario anterior |
|
| 942 |
_2lcc _cLIBRO |
||
| 999 |
_c6495 _d6495 |
||